[Event "26th WSCC 2016 Open 65+"]
[Site "Marianske Lazne, Czech Republic - Hotel Cristal and Continental"]
[Date "2016.11.29"]
[Round "10.28"]
[White "Braun, Gottfried"]
[Black "Giulian, Philip M"]
[Result "1/2-1/2"]
[WhiteElo "2242"]
[BlackElo "2133"]
[PlyCount "86"]
[EventDate "2016.11.19"]

1. e4 c6 2. d4 d5 3. exd5 cxd5 4. Bf4 Nc6 5. c3 Nf6 6. Nd2 Bf5 7. Ngf3 e6 8.
Qb3 Qc8 9. Be2 Be7 10. Ne5 Nxe5 11. Bxe5 O-O 12. O-O Ne4 13. Nxe4 Bxe4 14. Rfe1
Bg6 15. Rac1 Qd7 16. Bf1 Rac8 17. Rcd1 a6 18. Bd3 Bxd3 19. Rxd3 Bd6 20. Qd1
Bxe5 21. Rxe5 f5 22. Rde3 Rf6 23. Qe2 Rc6 24. Rg3 Rg6 25. Rxg6 hxg6 26. f4 Qf7
27. Re3 Qf6 28. Rg3 b5 29. a3 Kf7 30. Rg5 Rc8 31. Qf2 Rh8 32. Qf3 a5 33. Qe2 b4
34. Qb5 bxa3 35. bxa3 Qd8 36. Rg3 Qc7 37. Re3 Rb8 38. Qf1 Rb2 39. h3 Qb6 40.
Kh2 Qd6 41. a4 Ra2 42. Re5 Rxa4 43. Qb5 Rc4 1/2-1/2

[Event "26th WSCC 2016 Open 65+"]
[Site "Marianske Lazne, Czech Republic - Hotel Cristal and Continental"]
[Date "2016.11.29"]
[Round "10.29"]
[White "Jorgensen, Jorgen"]
[Black "Ofstad, Per"]
[Result "1-0"]
[WhiteElo "2217"]
[BlackElo "2129"]
[PlyCount "113"]
[EventDate "2016.11.19"]

1. Nf3 d5 2. d4 Nf6 3. c4 c6 4. e3 e6 5. Nbd2 Nbd7 6. Bd3 Be7 7. O-O O-O 8. e4
dxe4 9. Nxe4 Nxe4 10. Bxe4 Nf6 11. Bc2 b6 12. Bg5 Bb7 13. Qd3 g6 14. Rad1 Qc7
15. Qc3 Nh5 16. Bxe7 Qxe7 17. Qe3 Rfe8 18. Rfe1 Rad8 19. h3 Qf8 20. Ne5 c5 21.
dxc5 Qxc5 22. Qxc5 bxc5 23. Nd7 Bc6 24. Nxc5 Nf4 25. Ne4 Kg7 26. f3 e5 27. Nd6
Re6 28. Nf5+ gxf5 29. Rxd8 Rg6 30. Rd2 Bxf3 31. Bxf5 Rg5 32. g4 Nxh3+ 33. Kh2
Nf4 34. Kg3 Bxg4 35. Bxg4 h5 36. c5 Rxg4+ 37. Kh2 Ne6 38. Rxe5 Rc4 39. b3 Rc3
40. b4 h4 41. Rh5 Rc4 42. a3 Kg6 43. Rhd5 Ng5 44. Rg2 f6 45. Rdd2 Kh5 46. Rgf2
Kg4 47. Rc2 Nf3+ 48. Kh1 Rd4 49. Rxf3 Kxf3 50. c6 Rd8 51. b5 f5 52. a4 f4 53.
c7 Rc8 54. a5 Kg3 55. b6 f3 56. Rc3 Re8 57. Rc1 1-0

[Event "26th WSCC 2016 Open 65+"]
[Site "Marianske Lazne, Czech Republic - Hotel Cristal and Continental"]
[Date "2016.11.29"]
[Round "10.30"]
[White "Wahlbom, Magnus"]
[Black "Casden, Alan"]
[Result "1/2-1/2"]
[WhiteElo "2215"]
[BlackElo "2102"]
[PlyCount "89"]
[EventDate "2016.11.19"]

1. d4 e6 2. c4 b6 3. a3 Bb7 4. Nc3 f5 5. Nf3 Nf6 6. d5 Na6 7. g3 Nc5 8. Bg2
Nce4 9. Nxe4 fxe4 10. Ng5 exd5 11. cxd5 Bxd5 12. Qc2 Bc5 13. Nxe4 Bxe4 14. Bxe4
d5 15. Bg2 O-O 16. O-O Ng4 17. e3 Qg5 18. b4 Bd6 19. Qc6 Be5 20. Ra2 Rad8 21.
Qe6+ Kh8 22. f4 Rde8 23. Qc6 Qf6 24. Qxd5 Bd6 25. Re2 a5 26. Bf3 Nh6 27. bxa5
Bc5 28. Kg2 Nf5 29. e4 Nd4 30. Bb2 Rd8 31. Bxd4 Bxd4 32. Qc4 bxa5 33. Qxc7 Bb6
34. Qb7 Rd3 35. e5 Qe6 36. Rc1 Be3 37. Rc6 Qf5 38. Rec2 Bxf4 39. Rc8 Bxe5 40.
Rxf8+ Qxf8 41. Qe4 Rxa3 42. Qxe5 Qxf3+ 43. Kh3 h5 44. Qe6 Rc3 45. Rxc3 1/2-1/2

[Event "26th WSCC 2016 Open 65+"]
[Site "Marianske Lazne, Czech Republic - Hotel Cristal and Continental"]
[Date "2016.11.29"]
[Round "10.31"]
[White "Tapper, Larry"]
[Black "Montero Martinez, Cristhian"]
[Result "1-0"]
[WhiteElo "2212"]
[BlackElo "2089"]
[PlyCount "119"]
[EventDate "2016.11.19"]

1. e4 g6 2. d4 Bg7 3. c3 d6 4. f4 Nf6 5. Bd3 e5 6. Nf3 Nbd7 7. fxe5 dxe5 8.
dxe5 Ng4 9. Bg5 f6 10. exf6 Bxf6 11. Bxf6 Qxf6 12. Qe2 Nc5 13. h3 Ne5 14. Nxe5
Qxe5 15. O-O Bxh3 16. Bc4 Be6 17. b4 Nd7 18. Nd2 O-O-O 19. Nf3 Bxc4 20. Qxc4
Qe7 21. Rae1 Ne5 22. Qe2 h5 23. Qe3 b6 24. Rd1 Ng4 25. Qe2 Rde8 26. Rd4 Rhf8
27. Rfd1 Kb7 28. a4 Rf4 29. e5 Rxd4 30. cxd4 Qxb4 31. Qe4+ Kb8 32. Qxg6 Qxa4
33. Re1 Rh8 34. e6 Qe8 35. Qg5 Rg8 36. Qh4 Qg6 37. Qg3 Ne5 38. Qxg6 Nxg6 39. d5
Kc8 40. Nd4 Rd8 41. Nc6 Re8 42. Nxa7+ Kb7 43. Nb5 Rd8 44. e7 Nxe7 45. Rxe7 Rxd5
46. Nxc7 Rd1+ 47. Kh2 Kc6 48. Rh7 b5 49. Nxb5 Kxb5 50. Rxh5+ Kc6 51. Re5 Rd5
52. Rxd5 Kxd5 53. Kg3 Ke5 54. Kg4 Kf6 55. Kh5 Kg7 56. Kg5 Kh7 57. Kf6 Kg8 58.
Kg6 Kh8 59. g4 Kg8 60. g5 1-0

[Event "26th WSCC 2016 Open 65+"]
[Site "Marianske Lazne, Czech Republic - Hotel Cristal and Continental"]
[Date "2016.11.29"]
[Round "10.32"]
[White "Harestad, Thor Geir"]
[Black "Kazantsev, Valentin"]
[Result "1-0"]
[WhiteElo "2211"]
[BlackElo "1953"]
[PlyCount "97"]
[EventDate "2016.11.19"]

1. d4 d5 2. Nf3 Nf6 3. g3 e6 4. Bg2 Be7 5. O-O O-O 6. c4 dxc4 7. Nbd2 c5 8.
Nxc4 Nc6 9. dxc5 Bxc5 10. Qc2 Qe7 11. a3 a5 12. Bd2 e5 13. e3 e4 14. Ng5 Bf5
15. Bc3 Rfe8 16. Nh3 Rac8 17. Qa4 b6 18. Nf4 g5 19. Bxf6 Qxf6 20. Nd5 Qe6 21.
Ndxb6 Rb8 22. Rfd1 Red8 23. Rxd8+ Rxd8 24. Rd1 Rxd1+ 25. Qxd1 Bxb6 26. Nxb6 Ne5
27. Qd8+ Kg7 28. Nd5 Ng6 29. Nc3 Qe5 30. Bf1 h6 31. Bc4 Qc5 32. Qd5 Qxd5 33.
Bxd5 Ne5 34. b4 axb4 35. axb4 Nd3 36. b5 Nb4 37. b6 Kf8 38. b7 Na6 39. Bxe4 Bd7
40. Bd5 Nb8 41. Kf1 Ke7 42. Ke2 Kd6 43. Kd3 f5 44. Kd4 Na6 45. e4 fxe4 46.
Nxe4+ Kc7 47. Ke5 Bc6 48. Bxc6 Kxc6 49. Kf6 1-0

[Event "26th WSCC 2016 Open 65+"]
[Site "Marianske Lazne, Czech Republic - Hotel Cristal and Continental"]
[Date "2016.11.29"]
[Round "10.33"]
[White "Furman, Boris"]
[Black "Kayaman, Metin"]
[Result "1-0"]
[WhiteElo "2207"]
[BlackElo "1732"]
[PlyCount "87"]
[EventDate "2016.11.19"]

1. d4 Nf6 2. c4 e6 3. Nc3 c5 4. d5 exd5 5. cxd5 d6 6. Nf3 g6 7. Bg5 Bg7 8. e3
O-O 9. Be2 Bg4 10. O-O Re8 11. Nd2 Bxe2 12. Qxe2 Nbd7 13. h3 a6 14. a4 b6 15.
Kh1 Qb8 16. f4 Qb7 17. Nc4 Bf8 18. Ra3 Rab8 19. f5 Nh5 20. Qf3 Ne5 21. Nxe5
Rxe5 22. g4 f6 23. Bh4 g5 24. Bf2 Ng7 25. Bg3 Rbe8 26. Bxe5 Rxe5 27. e4 Be7 28.
h4 h6 29. hxg5 hxg5 30. Qh3 Bd8 31. Kg2 Ne8 32. Rh1 Qg7 33. Qd3 a5 34. Nb1 Qe7
35. Nd2 Bc7 36. Rh6 Ng7 37. Ra1 Kf7 38. Rh8 Qd7 39. Qh3 Re8 40. Rh7 Rg8 41. Qh6
Qe7 42. Rh1 Qe5 43. Qg6+ Kf8 44. Rxg7 1-0

[Event "26th WSCC 2016 Open 65+"]
[Site "Marianske Lazne, Czech Republic - Hotel Cristal and Continental"]
[Date "2016.11.29"]
[Round "10.34"]
[White "Beltz, Robert"]
[Black "Singer, Hans"]
[Result "1-0"]
[WhiteElo "2135"]
[BlackElo "2202"]
[PlyCount "137"]
[EventDate "2016.11.19"]

1. e4 e5 2. Nf3 Nc6 3. Bc4 Be7 4. O-O Nf6 5. Nc3 d6 6. h3 Na5 7. Be2 c5 8. Bb5+
Nc6 9. d3 O-O 10. a4 Nd4 11. Bc4 Ne6 12. g3 b6 13. Nh4 g6 14. Kh2 Bb7 15. Bh6
Ng7 16. Qf3 Rb8 17. Ng2 Nfe8 18. h4 Kh8 19. Ne3 f5 20. Ned5 f4 21. Nxe7 Qxe7
22. Bg5 Qd7 23. Kg2 Nc7 24. g4 Nce6 25. Rh1 Nd4 26. Qh3 Bc8 27. f3 h5 28. Nd5
hxg4 29. fxg4 Qxg4+ 30. Qxg4 Bxg4 31. c3 Nde6 32. Be7 Rfd8 33. Bxd8 Rxd8 34.
Kf2 Nh5 35. Rhg1 Ng3 36. Ra2 Kg7 37. a5 b5 38. Bxb5 Rh8 39. Ne3 Rxh4 40. Nxg4
Rxg4 41. Bd7 Kf6 42. b4 cxb4 43. cxb4 Rh4 44. Bxe6 Kxe6 45. Rc2 Rh2+ 46. Rg2
Rh1 47. Kf3 Rb1 48. Rb2 Ra1 49. Ra2 Rd1 50. Rgd2 Rb1 51. Rab2 Ra1 52. Kg4 Nf1
53. Ra2 Ne3+ 54. Kg5 Rg1+ 55. Kh6 Kf6 56. Kh7 Kf7 57. Rh2 Ng4 58. Rag2 Nf6+ 59.
Kh8 Rb1 60. Rb2 Rc1 61. Rbc2 Rb1 62. Rc7+ Ke6 63. Rb7 Rc1 64. Kg7 Ne8+ 65. Kf8
Nc7 66. Rh7 Na6 67. Rhf7 d5 68. Rbe7+ Kd6 69. Rf6# 1-0

[Event "26th WSCC 2016 Open 65+"]
[Site "Marianske Lazne, Czech Republic - Hotel Cristal and Continental"]
[Date "2016.11.29"]
[Round "10.36"]
[White "Muratoglu, Salih"]
[Black "Kolbak, Jens"]
[Result "0-1"]
[WhiteElo "1897"]
[BlackElo "2189"]
[PlyCount "198"]
[EventDate "2016.11.19"]

1. d4 Nf6 2. c4 g6 3. Nc3 Bg7 4. Nf3 O-O 5. e4 d6 6. Be2 e5 7. d5 a5 8. O-O Na6
9. h3 Nc5 10. Qc2 Nh5 11. Bg5 f6 12. Be3 Nf4 13. Rfd1 Nxe2+ 14. Qxe2 b6 15. a3
Nb3 16. Rab1 a4 17. Qc2 Bd7 18. Nd2 Nxd2 19. Rxd2 f5 20. f3 Rf7 21. Rf1 f4 22.
Bf2 Bf6 23. Rc1 h5 24. Kh2 Qc8 25. Rh1 g5 26. Kg1 Rg7 27. Kf1 Kf7 28. Nb5 Be7
29. Ke2 Qd8 30. b3 axb3 31. Qxb3 Kg6 32. g4 fxg3 33. Bxg3 Bf6 34. Kd3 Rf7 35.
Kc2 Bg7 36. Be1 Bh6 37. Rd3 Qc8 38. h4 g4 39. Rg1 Kh7 40. Kb2 Bf4 41. Nc3 gxf3
42. Bf2 Bh6 43. Rg3 Bg4 44. Nd1 Rf4 45. Qc2 Rf7 46. Ne3 Bf4 47. Rg1 Qd7 48. Nf1
Rg8 49. Nd2 Bh6 50. Qd1 Rgf8 51. Rg3 Bxd2 52. Qxd2 Qa4 53. Qc2 Qxc2+ 54. Kxc2
Ra8 55. Rc3 Rff8 56. Kd2 Rf4 57. Ke3 Raf8 58. Rg1 Bd7 59. Rg5 Be8 60. Rf5 Bg6
61. Rxf8 Rxf8 62. Bg3 f2 63. Bxf2 Rf4 64. Bg3 Rxe4+ 65. Kf3 Rd4 66. Ke2 Bf5 67.
Bf2 Re4+ 68. Kd2 Rf4 69. Bg3 Rd4+ 70. Ke3 Kg6 71. Bf2 Bg4 72. Be1 Kf5 73. Rc2
Re4+ 74. Kf2 Rf4+ 75. Kg2 Bf3+ 76. Kg3 Ke4 77. a4 Rg4+ 78. Kh3 Bd1 79. Ra2 Bb3
80. Re2+ Kd3 81. Rf2 Re4 82. Rf3+ Kxc4 83. Bd2 Bxa4 84. Rc3+ Kxd5 85. Rxc7 Re2
86. Bg5 Rc2 87. Rh7 Rc3+ 88. Kg2 Bd1 89. Bd8 b5 90. Rb7 Be2 91. Kf2 Bd3 92. Rb6
Rc6 93. Rb8 Kc4 94. Ke3 d5 95. Ba5 d4+ 96. Kd2 Bg6 97. Rf8 e4 98. Ke2 e3 99.
Rd8 Bf5 0-1

[Event "26th WSCC 2016 Open 65+"]
[Site "Marianske Lazne, Czech Republic - Hotel Cristal and Continental"]
[Date "2016.11.29"]
[Round "10.38"]
[White "Giffard, Nicolas"]
[Black "Nickl, Klaus"]
[Result "1-0"]
[WhiteElo "2313"]
[BlackElo "2075"]
[PlyCount "51"]
[EventDate "2016.11.19"]

1. d4 Nf6 2. Nf3 g6 3. g3 Bg7 4. Bg2 O-O 5. O-O d6 6. d5 c5 7. Nc3 Na6 8. h3
Nc7 9. a4 Bd7 10. Re1 b5 11. axb5 Nxb5 12. Nxb5 Bxb5 13. e4 Nd7 14. Nd2 Qb6 15.
c4 Ba6 16. f4 Rfb8 17. Kh2 Bc8 18. Ra2 a5 19. Re3 e5 20. dxe6 fxe6 21. e5 dxe5
22. Bxa8 Rxa8 23. Rb3 Qc7 24. Ne4 Ra6 25. Rd3 Qc6 26. Nd6 1-0

[Event "26th WSCC 2016 Open 65+"]
[Site "Marianske Lazne, Czech Republic - Hotel Cristal and Continental"]
[Date "2016.11.29"]
[Round "10.39"]
[White "Ruckschloss, Karol"]
[Black "Zhelesny, Stanislav"]
[Result "1/2-1/2"]
[WhiteElo "2255"]
[BlackElo "2067"]
[PlyCount "44"]
[EventDate "2016.11.19"]

1. c4 Nf6 2. d4 g6 3. Nc3 d5 4. cxd5 Nxd5 5. e4 Nb6 6. Be3 Bg7 7. h3 O-O 8. Nf3
Nc6 9. Be2 f5 10. Qb3+ Kh8 11. exf5 gxf5 12. d5 Ne5 13. Nxe5 Bxe5 14. f4 Bf6
15. O-O-O Bd7 16. g4 Qe8 17. g5 Bg7 18. Rhe1 c5 19. Rd2 Rc8 20. Bb5 c4 21. Qb4
Bxb5 22. Nxb5 a5 1/2-1/2

[Event "26th WSCC 2016 Open 65+"]
[Site "Marianske Lazne, Czech Republic - Hotel Cristal and Continental"]
[Date "2016.11.29"]
[Round "10.40"]
[White "Gergel, Vladimir P"]
[Black "Ashby, Anthony C"]
[Result "1-0"]
[WhiteElo "2201"]
[BlackElo "2074"]
[PlyCount "39"]
[EventDate "2016.11.19"]

1. e4 e6 2. d4 d5 3. Nc3 Bb4 4. exd5 exd5 5. Bd3 c5 6. dxc5 Bxc3+ 7. bxc3 Nc6
8. Ne2 Nge7 9. O-O O-O 10. Bf4 Ng6 11. Bd6 Re8 12. Nd4 a6 13. Qh5 Nce5 14. h3
Bd7 15. f4 Nxd3 16. cxd3 Nh4 17. Rae1 g6 18. Rxe8+ Bxe8 19. Qh6 Bd7 20. g4 1-0

[Event "26th WSCC 2016 Open 65+"]
[Site "Marianske Lazne, Czech Republic - Hotel Cristal and Continental"]
[Date "2016.11.29"]
[Round "10.41"]
[White "Sejkora, Vlastimil"]
[Black "Archangelsky, Mikhail"]
[Result "1/2-1/2"]
[WhiteElo "2195"]
[BlackElo "2054"]
[PlyCount "39"]
[EventDate "2016.11.19"]

1. e4 e6 2. d3 c5 3. g3 Nc6 4. Bg2 g6 5. Ne2 Bg7 6. c3 Nge7 7. O-O d5 8. a4 O-O
9. Na3 b6 10. f4 dxe4 11. dxe4 Bb7 12. Be3 Qxd1 13. Rfxd1 Rad8 14. Kf2 Rxd1 15.
Rxd1 Rd8 16. Rxd8+ Nxd8 17. a5 Ba6 18. axb6 axb6 19. e5 Nd5 20. Bd2 1/2-1/2

[Event "26th WSCC 2016 Open 65+"]
[Site "Marianske Lazne, Czech Republic - Hotel Cristal and Continental"]
[Date "2016.11.29"]
[Round "10.42"]
[White "Hastik, Svatopluk"]
[Black "Titz, Heimo"]
[Result "1/2-1/2"]
[WhiteElo "2023"]
[BlackElo "2189"]
[PlyCount "109"]
[EventDate "2016.11.19"]

1. d4 Nf6 2. c4 e6 3. Nc3 Bb4 4. Bd2 O-O 5. Nf3 b6 6. e3 Bb7 7. Bd3 d6 8. a3
Bxc3 9. Bxc3 Nbd7 10. O-O c5 11. Re1 Be4 12. Ng5 Bxd3 13. Qxd3 h6 14. Nh3 d5
15. f3 Rc8 16. cxd5 exd5 17. dxc5 Nxc5 18. Qd1 Ne6 19. Re2 Re8 20. Nf2 Qe7 21.
Nd3 Red8 22. Rc1 Rd7 23. Be5 Rc4 24. Rc3 Rxc3 25. Bxc3 Qd8 26. Bd4 Nxd4 27.
exd4 Rc7 28. Rc2 Qc8 29. Rxc7 Qxc7 30. Ne5 g6 31. Qd2 Kg7 32. g3 h5 33. Kg2 Qc8
34. h3 Qc7 35. Kf2 Nd7 36. Nxd7 Qxd7 37. Kg2 Qf5 38. g4 hxg4 39. hxg4 Qb1 40.
Qe2 Kf8 41. Qd2 Kg7 42. Qe2 Kf8 43. Qd2 Qa2 44. Kg3 Qc4 45. Qf4 Kg7 46. Qe5+
Kf8 47. g5 Kg8 48. Qf6 Qc7+ 49. Kg4 Qd7+ 50. Kf4 Qc7+ 51. Qe5 Qc1+ 52. Qe3 Qc7+
53. Qe5 Qc1+ 54. Qe3 Qc7+ 55. Qe5 1/2-1/2

[Event "26th WSCC 2016 Open 65+"]
[Site "Marianske Lazne, Czech Republic - Hotel Cristal and Continental"]
[Date "2016.11.29"]
[Round "10.43"]
[White "Vechet, Stanislav"]
[Black "Altshul, Raffael"]
[Result "1/2-1/2"]
[WhiteElo "2149"]
[BlackElo "2037"]
[PlyCount "38"]
[EventDate "2016.11.19"]

1. d4 Nf6 2. g3 e6 3. c4 d5 4. Nf3 Bb4+ 5. Bd2 Bd6 6. Nc3 O-O 7. c5 Be7 8. Ne5
Nfd7 9. Nxd7 Nxd7 10. Bg2 c6 11. f4 f5 12. b4 Nf6 13. O-O b6 14. Qc2 Ba6 15.
Rfb1 Bc4 16. Be1 g5 17. Kh1 gxf4 18. gxf4 Kh8 19. Bf3 Rg8 1/2-1/2

[Event "26th WSCC 2016 Open 65+"]
[Site "Marianske Lazne, Czech Republic - Hotel Cristal and Continental"]
[Date "2016.11.29"]
[Round "10.44"]
[White "Tchetchelnitski, Boris"]
[Black "Gerhard, Walter"]
[Result "1-0"]
[WhiteElo "2144"]
[BlackElo "2014"]
[PlyCount "46"]
[EventDate "2016.11.19"]

1. Nf3 d5 2. g3 g6 3. Bg2 Bg7 4. O-O e5 5. e3 Ne7 6. c4 c6 7. d3 O-O 8. Nc3
dxc4 9. dxc4 Be6 10. Qe2 Qb6 11. Ng5 Bf5 12. e4 Bc8 13. Be3 Qa6 14. b3 h6 15.
Nf3 Be6 16. Bc5 Re8 17. Rfd1 Nd7 18. Bd6 f6 19. Qe3 Nc8 20. c5 Nxd6 21. cxd6
Qb6 22. Qc1 Kh7 23. Na4 Bf8 1-0

[Event "26th WSCC 2016 Open 65+"]
[Site "Marianske Lazne, Czech Republic - Hotel Cristal and Continental"]
[Date "2016.11.29"]
[Round "10.46"]
[White "Lang, Ferdinand"]
[Black "Wheeler, Robert"]
[Result "0-1"]
[WhiteElo "2133"]
[BlackElo "2007"]
[PlyCount "96"]
[EventDate "2016.11.19"]

1. e4 c5 2. Nc3 e6 3. f4 Nc6 4. Bb5 Nge7 5. Nf3 a6 6. Be2 d5 7. e5 b5 8. a3 Qb6
9. O-O h5 10. Nh4 g6 11. Bf3 Nd4 12. d3 Bb7 13. Ne2 Nef5 14. Nxf5 Nxf5 15. c3
Rc8 16. Bd2 Be7 17. Qe1 Bd8 18. g3 Be7 19. Qf2 Qc7 20. Qg2 c4 21. d4 Bc6 22. h3
Rb8 23. Kh2 a5 24. Qf2 Kd7 25. Qe1 Rb7 26. Nc1 b4 27. axb4 axb4 28. Na2 b3 29.
Nc1 Ra7 30. Rxa7 Qxa7 31. Ne2 Ra8 32. Bc1 Qb6 33. Qf2 Ra2 34. Rd1 Qa7 35. Qg1
Ra1 36. Qe1 Rb1 37. Qd2 Qa1 38. Ng1 Qa2 39. Ne2 Ba4 40. g4 hxg4 41. hxg4 Nh4
42. Kg3 Nxf3 43. Kxf3 Ba3 44. bxa3 b2 45. Rg1 bxc1=Q 46. Qxa2 Bd1 47. Kf2 Rb2
48. Rxd1 Qc2 0-1

[Event "26th WSCC 2016 Open 65+"]
[Site "Marianske Lazne, Czech Republic - Hotel Cristal and Continental"]
[Date "2016.11.29"]
[Round "10.47"]
[White "Goncharov, Viktor"]
[Black "Vitek, Vaclav"]
[Result "1/2-1/2"]
[WhiteElo "2125"]
[BlackElo "1999"]
[PlyCount "49"]
[EventDate "2016.11.19"]

1. Nf3 f5 2. g3 b6 3. Bg2 Bb7 4. O-O e6 5. b3 Nf6 6. Bb2 Be7 7. d3 O-O 8. Nbd2
c5 9. e3 Na6 10. Qe2 Rc8 11. Rfc1 Qe8 12. Ne1 Bxg2 13. Nxg2 Qh5 14. Qxh5 Nxh5
15. Nf3 d6 16. a3 Nc7 17. Kf1 e5 18. Ke2 Ne6 19. Nd2 g5 20. f3 Nf6 21. Rh1 h5
22. a4 d5 23. Raf1 Kh7 24. c4 d4 25. e4 1/2-1/2

[Event "26th WSCC 2016 Open 65+"]
[Site "Marianske Lazne, Czech Republic - Hotel Cristal and Continental"]
[Date "2016.11.29"]
[Round "10.48"]
[White "Ladisic, Alex-Sacha"]
[Black "Karmov, Mazhmudin"]
[Result "1/2-1/2"]
[WhiteElo "1970"]
[BlackElo "2122"]
[PlyCount "156"]
[EventDate "2016.11.19"]

1. e4 c5 2. Nf3 Nc6 3. d4 cxd4 4. Nxd4 g6 5. Nc3 Bg7 6. Be3 Nf6 7. Be2 O-O 8.
Nb3 d6 9. O-O Be6 10. f4 Qd7 11. Kh1 a6 12. Bf3 h5 13. Nd5 Bxd5 14. exd5 Nd8
15. Nd4 e5 16. dxe6 fxe6 17. g3 e5 18. Ne2 e4 19. Bg2 d5 20. Nd4 Nc6 21. c3 Ne7
22. Qe2 Nf5 23. Nc2 Ng4 24. Kg1 Ngxe3 25. Nxe3 Nxe3 26. Qxe3 Qb5 27. Rad1 Rad8
28. Bh3 Rd6 29. Rf2 Qc4 30. Rfd2 Rfd8 31. a3 Bf6 32. Bg2 Qc6 33. Kh1 Kg7 34.
Rf1 b5 35. Rfd1 R8d7 36. Bh3 Re7 37. Re2 a5 38. Rc1 Qc4 39. Bf1 Qc6 40. Rec2
Rc7 41. Qe2 Rb7 42. Bg2 Qc5 43. h4 Re7 44. Bf1 Rb6 45. Bg2 Qd6 46. Kh2 Qe6 47.
Bh3 Qc6 48. Rf1 Qd6 49. Qe3 b4 50. axb4 axb4 51. Rd1 bxc3 52. bxc3 Rb3 53. Qe1
Qc5 54. Qd2 e3 55. Qe2 Rxc3 56. Rxc3 Bxc3 57. f5 Rb7 58. Rc1 Rb2 59. Rc2 Rxc2
60. Qxc2 Bd4 61. Qd3 Qc4 62. f6+ Kxf6 63. Bf1 Qxd3 64. Bxd3 g5 65. hxg5+ Kxg5
66. Kg2 Be5 67. Kf3 d4 68. Kg2 Bxg3 69. Kxg3 h4+ 70. Kf3 Kf6 71. Bf1 Kf5 72.
Bh3+ Ke5 73. Bc8 Kd5 74. Bh3 Kc4 75. Bf1+ Kc3 76. Ke2 Kc4 77. Kf3+ Kd5 78. Bh3
Ke5 1/2-1/2

[Event "26th WSCC 2016 Open 65+"]
[Site "Marianske Lazne, Czech Republic - Hotel Cristal and Continental"]
[Date "2016.11.29"]
[Round "10.49"]
[White "Briza, Jiri"]
[Black "Mojzis, Jaroslav"]
[Result "1/2-1/2"]
[WhiteElo "1941"]
[BlackElo "2116"]
[PlyCount "184"]
[EventDate "2016.11.19"]

1. e4 e5 2. Nf3 Nc6 3. d4 exd4 4. c3 d5 5. exd5 Qxd5 6. cxd4 Bg4 7. Be2 Bxf3 8.
Bxf3 Qc4 9. Bxc6+ bxc6 10. Qe2+ Qxe2+ 11. Kxe2 O-O-O 12. Rd1 Ne7 13. Be3 Nd5
14. Nc3 Bd6 15. Nxd5 cxd5 16. Rac1 Rhe8 17. g3 f5 18. Kf3 Re4 19. Re1 Kd7 20.
b3 Rde8 21. Rg1 Rb8 22. Rgd1 f4 23. gxf4 c6 24. Rg1 g6 25. Rg4 Rf8 26. h4 Rf5
27. Rh1 Be7 28. Rc1 Bf6 29. Rc5 Kc7 30. Rc1 Bxd4 31. Rg5 Bb6 32. Rxf5 gxf5 33.
Rg1 Re7 34. h5 Kd6 35. Rc1 Re6 36. Rg1 Re7 37. Rg5 Rf7 38. Ke2 c5 39. Kd3 Ke6
40. Rg8 Rc7 41. Re8+ Kf6 42. Rf8+ Ke6 43. Re8+ Re7 44. Rc8 d4 45. Bd2 Rg7 46.
a4 Bc7 47. Re8+ Re7 48. Rg8 Kf7 49. Rc8 Kg7 50. Kc4 Kh6 51. Rf8 Kxh5 52. Rxf5+
Kg6 53. Rxc5 Rd7 54. b4 Bd8 55. Kd3 Be7 56. Rb5 a6 57. Rb6+ Bd6 58. Rxa6 h5 59.
Rc6 h4 60. Ke2 h3 61. Kf1 Kf5 62. Rc8 Rh7 63. Kg1 Ke4 64. Rc2 d3 65. Ra2 Rc7
66. Be3 Kf3 67. Ra3 Ke2 68. Ra2+ Rc2 69. Rxc2+ dxc2 70. b5 Bc5 71. Bc1 Bxf2+
72. Kh2 Be3 73. Ba3 Bxf4+ 74. Kxh3 Bd6 75. Bb2 Be5 76. Bc1 Kd1 77. Ba3 Bd6 78.
Bb2 Bc7 79. Kg4 Kd2 80. Kf5 Kd3 81. Ke6 Kc4 82. Bc1 Kb4 83. Kd7 Be5 84. b6 Kxa4
85. b7 Kb3 86. Kc8 Kc3 87. b8=Q Bxb8 88. Kxb8 Kd3 89. Bh6 Ke2 90. Bg5 Kd1 91.
Bh6 c1=Q 92. Bxc1 Kxc1 1/2-1/2

[Event "26th WSCC 2016 Open 65+"]
[Site "Marianske Lazne, Czech Republic - Hotel Cristal and Continental"]
[Date "2016.11.29"]
[Round "10.50"]
[White "Joukl, Zdenek"]
[Black "Marsina, Stefan"]
[Result "1-0"]
[WhiteElo "2108"]
[BlackElo "1910"]
[PlyCount "79"]
[EventDate "2016.11.19"]

1. d4 Nf6 2. Nf3 e6 3. Bf4 b6 4. e3 d5 5. Nbd2 Bd6 6. Ne5 O-O 7. Bd3 c5 8. c3
Qc7 9. O-O Nbd7 10. Ndf3 h6 11. h3 Bb7 12. a4 a6 13. Rc1 Rfd8 14. Re1 Nf8 15.
Nh2 Ne4 16. Qh5 f6 17. Ng6 Qf7 18. Bxd6 Qxg6 19. Qxg6 Nxg6 20. Bc7 Rdc8 21.
Bxb6 c4 22. Bc2 Nf8 23. f3 Ng5 24. h4 Nf7 25. Kf2 a5 26. Bc5 Nd7 27. Ba3 Bc6
28. Ra1 Rcb8 29. e4 Nb6 30. exd5 Bxd5 31. Ng4 Nc8 32. Ne3 Nfd6 33. g4 Bc6 34.
Ng2 Kf7 35. Nf4 g5 36. hxg5 fxg5 37. Nxe6 Ra6 38. Re2 Ne8 39. Nd8+ Kf6 40. Nxc6
1-0

[Event "26th WSCC 2016 Open 65+"]
[Site "Marianske Lazne, Czech Republic - Hotel Cristal and Continental"]
[Date "2016.11.29"]
[Round "10.51"]
[White "Slechta, Karel"]
[Black "Pacl, Vaclav"]
[Result "1/2-1/2"]
[WhiteElo "1872"]
[BlackElo "2104"]
[PlyCount "44"]
[EventDate "2016.11.19"]

1. e4 c6 2. d4 d5 3. Nc3 dxe4 4. Nxe4 Nd7 5. c3 Ngf6 6. Bd3 Nxe4 7. Bxe4 Nf6 8.
Bc2 Bg4 9. f3 Bh5 10. Ne2 Bg6 11. Bxg6 hxg6 12. Qb3 Qb6 13. Qxb6 axb6 14. Bf4
b5 15. a3 e6 16. Kf2 Nd5 17. Bg3 f5 18. Rad1 Nb6 19. Nc1 Nc4 20. Nd3 Be7 21. h3
O-O-O 22. Rhe1 Rd5 1/2-1/2

[Event "26th WSCC 2016 Open 65+"]
[Site "Marianske Lazne, Czech Republic - Hotel Cristal and Continental"]
[Date "2016.11.29"]
[Round "10.52"]
[White "Gudashvili, Gavazi"]
[Black "Anguera Maestro, Jaime"]
[Result "0-1"]
[WhiteElo "1617"]
[BlackElo "2081"]
[PlyCount "92"]
[EventDate "2016.11.19"]

1. e4 c6 2. Nf3 d5 3. exd5 cxd5 4. Bb5+ Bd7 5. Qe2 a6 6. Bxd7+ Nxd7 7. d4 Ngf6
8. O-O e6 9. Bg5 Be7 10. Nbd2 O-O 11. c3 Ne8 12. Bxe7 Qxe7 13. Rfe1 Nd6 14. Ne5
Rfe8 15. Nxd7 Qxd7 16. Nf3 f6 17. h3 Qf7 18. Rad1 Rad8 19. Nd2 e5 20. dxe5 fxe5
21. Nf3 e4 22. Nd4 Nc4 23. Qg4 Nxb2 24. Rb1 Nd3 25. Re2 Ne5 26. Qf5 Qxf5 27.
Nxf5 Rd7 28. Ne3 Rc8 29. Rd2 Nd3 30. Rb3 b5 31. Rd1 Kf7 32. f3 Ke6 33. fxe4
dxe4 34. Rf1 Rf7 35. Ra3 Rxf1+ 36. Kxf1 Rc6 37. Ke2 Ke5 38. g3 h5 39. Ra5 Rf6
40. a4 Rf2+ 41. Kd1 Ra2 42. Rxa6 bxa4 43. Ra5+ Kd6 44. Nc4+ Kc6 45. Rxh5 a3 46.
Ra5 Nb2+ 0-1

[Event "26th WSCC 2016 Open 65+"]
[Site "Marianske Lazne, Czech Republic - Hotel Cristal and Continental"]
[Date "2016.11.29"]
[Round "10.53"]
[White "Haubt, Georg"]
[Black "Chmelik, Jiri"]
[Result "1/2-1/2"]
[WhiteElo "2205"]
[BlackElo "2000"]
[PlyCount "138"]
[EventDate "2016.11.19"]

1. d4 Nf6 2. Bg5 Ne4 3. Bf4 d5 4. e3 e6 5. Bd3 Nf6 6. Nc3 a6 7. Nf3 c5 8. O-O
Nc6 9. a3 Be7 10. dxc5 Bxc5 11. b4 Bd6 12. Bg5 h6 13. Bh4 O-O 14. Re1 Be7 15.
e4 Nxe4 16. Bxe7 Nxc3 17. Bxd8 Nxd1 18. Bb6 Nb2 19. Bf1 Na4 20. Be3 b5 21. Nd4
Nxd4 22. Bxd4 Bd7 23. Re3 Rac8 24. Bd3 f6 25. f4 Kf7 26. Rae1 Rc6 27. h4 Rfc8
28. h5 Nc3 29. Bg6+ Kg8 30. Rg3 R8c7 31. Ree3 Na4 32. Bd3 Kf8 33. Kh2 Be8 34.
Rh3 Nb6 35. g4 Nc4 36. Re2 Bd7 37. Rg3 Bc8 38. Bg6 Bd7 39. Kh3 Rb7 40. Kh4 Rbc7
41. Rf3 Kg8 42. Bc5 Rc8 43. g5 hxg5+ 44. fxg5 e5 45. Ref2 e4 46. Rf4 e3 47. Rg2
Ne5 48. gxf6 Rxf6 49. Rxf6 gxf6 50. Be4+ Kh8 51. Bxd5 Bc6 52. Bxc6 Rxc6 53.
Bxe3 Rc4+ 54. Kh3 Rc3 55. Rg3 Rxa3 56. Bd4 Rxg3+ 57. Kxg3 Nd7 58. Kf4 Kh7 59.
Kf5 Kh6 60. Ke6 Nf8+ 61. Kxf6 Kxh5 62. Ke7 Ng6+ 63. Kd6 Kg5 64. c3 Kf5 65. Kc7
Ke4 66. Kb6 Kd5 67. Kxa6 Kc4 68. Kb6 Nf4 69. Kc6 Nd5 1/2-1/2